Bronzes (Record no. 4995)

MARC details
000 -CABECERA
campo de control de longitud fija 01093nam a2200277 a 4500
001 - NÚMERO DE CONTROL
campo de control BRCA_5301
005 - FECHA Y HORA DE LA ÚLTIMA TRANSACCIÓN
campo de control 20190320205025.0
008 - DATOS DE LONGITUD FIJA--INFORMACIÓN GENERAL
campo de control de longitud fija 021210s1962----enkaf#####---#000-0#eng-#
041 ## - CÓDIGO DE LENGUA
Código de lengua del texto/banda sonora o título independiente eng
044 ## - CÓDIGO DEL PAÍS DE LA ENTIDAD EDITORA/PRODUCTORA
Código MARC del país enk
050 #4 - SIGNATURA TOPOGRÁFICA DE LA BIBLIOTECA DEL CONGRESO
Número de clasificación K7903.U5
Número de documento/Ítem .B76 1962
245 10 - MENCIÓN DE TÍTULO
Título Bronzes
Resto del título other Metalwork and Sculpture in the Irwin Untermyer collection
Mención de responsabilidad, etc. introduction by Yvonne Hackenbroch ; photography by Anna Wachsmann.
260 ## - PUBLICACIÓN, DISTRIBUCIÓN, ETC.
Lugar de publicación, distribución, etc. Londres
Nombre del editor, distribuidor, etc. Thames and Hudson
Fecha de publicación, distribución, etc. 1962
300 ## - DESCRIPCIÓN FÍSICA
Extensión lxv, 64 p.
Otras características físicas il., 201 láminas
Dimensiones 31 cm.
500 ## - NOTA GENERAL
Nota general Incluye abreviaturas, notas y comentarios de ilustraciones, notas biográficas e índice de nombres
500 ## - NOTA GENERAL
Nota general Donación Dr. Héctor Rivero Borrell Vázquez
504 ## - NOTA DE BIBLIOGRAFÍA, ETC.
Nota de bibliografía, etc. Bibliografía: 55-61
600 14 - PUNTO DE ACCESO ADICIONAL DE MATERIA--NOMBRE DE PERSONA
Nombre de persona Untermyer, Irwin
Subdivisión general Colecciones de arte
9 (RLIN) 13595
650 14 - PUNTO DE ACCESO ADICIONAL DE MATERIA--TÉRMINO DE MATERIA
Término de materia o nombre geográfico como elemento de entrada Bronces
Subdivisión de forma Colecciones privadas
Subdivisión general Historia
9 (RLIN) 13596
650 14 - PUNTO DE ACCESO ADICIONAL DE MATERIA--TÉRMINO DE MATERIA
Término de materia o nombre geográfico como elemento de entrada Esculturas metalicas
Subdivisión de forma Colecciones privadas
Subdivisión general Historia
9 (RLIN) 13597
650 14 - PUNTO DE ACCESO ADICIONAL DE MATERIA--TÉRMINO DE MATERIA
Término de materia o nombre geográfico como elemento de entrada Arte en metal
Subdivisión general Colecciones privadas
9 (RLIN) 13598
700 1# - PUNTO DE ACCESO ADICIONAL--NOMBRE DE PERSONA
Nombre de persona Hackenbroch, Yvonne
9 (RLIN) 13599
700 1# - PUNTO DE ACCESO ADICIONAL--NOMBRE DE PERSONA
Nombre de persona Wachsmann, Anna
9 (RLIN) 13600
902 ## - CATALOGADOR
Iniciales DHR
942 ## - ELEMENTOS DE PUNTO DE ACCESO ADICIONAL (KOHA)
Fuente del sistema de clasificación o colocación Library of Congress Classification
Tipo de ítem Koha Libros
Holdings
Estado de retiro Estado de pérdida Estado dañado No para préstamo Localización permanente Ubicación/localización actual Fecha de adquisición Total de préstamos Signatura topográfica completa Código de barras Fecha visto por última vez Precio válido a partir de Tipo de ítem Koha
El ejemplar forma parte de la colección y puede ser consultado según las políticas vigentes.       Biblioteca del Museo Franz Mayer (Rogerio Casas-Alatriste) Biblioteca del Museo Franz Mayer (Rogerio Casas-Alatriste) 02/12/2010   K7903.U5 .B76 1962 DHR00060 22/03/2019 22/03/2019 Libros